African English proficiency, top 15 - Statistics

General Stats
  • This quiz has been taken 22 times
  • The average score is 13 of 17
Answer Stats
Hint Answer % Correct
1. South Africa
95%
4. Botswana
90%
5. Egypt
86%
15. Ghana
86%
8. Kenya
86%
5. Namibia
86%
2. Mauritius
81%
11. Morocco
76%
3. Zimbabwe
76%
8. Tunisia
71%
11. Uganda
71%
8. Zambia
71%
15. Libya
67%
11. Malawi
67%
15. Sudan
67%
11. Madagascar
52%
7. Swaziland
52%
No matching quizzes found
Score Distribution
Percent of People with Each Score
Percentile by Number Answered
Your Score History
You have not taken this quiz